000 00308nam a22001337a 4500
003 SGT
020 _a8124101256
082 _a301.2
_bS93S
100 _aSINGH, YOGENDRA
245 _aSOCIAL CHANGE IN INDIA:CRISIS &RESILIENCE
260 _bHAR-ANAND PUBLICATIONS
_c1993
300 _a246
942 _2ddc
_cBK
999 _c31908
_d31908